01103 2200337 4500001002100000005001500021035002000036007000300056008004100059020002200100082001600122084001800138100002700156245017100183300005300354650001600407700002900423700003100452264003200483336002100515337003000536338002300566040002200589090002200611250003500633850001200668041000800680504003300688999002200721990002200743INLIS00000000087315920220914011116 a0010-0922000687ta220914s2022 yoia g ind d a978-623-02-3997-7 223a006.312 a006.312 SRI d0 aSri WahyuniePengarang1 aData mining dengan decision tree c4.5 dan apriori :bkonsep dan implementasi menggunakan rapid miner dan weka /cpenyusun, Sri Wahyuni, Eko Hariyanto, Supina Batubara axiv, 164 halaman :btabel, foto, gambar ;c23 cm aData mining0 aEko HariyantoePengarang0 aSupina BatubaraePengarang aSleman :bDeepublish,c2022 2rdacontentateks 2rdamediaatanpa perantara 2rdacarrieravolume aYOPDYOGbinderda aCB-D.11 2022-1099 aCetakan Pertama : Januari 2022 aYOPDYOG aind aBibliografi: halaman 159-162 aCB-D.11/2022-1099 aCB-D.11/2022-1099